000 00673nam a2200193 a 4500
001 000145611
003 AM-YEHGA
005 20250617123005.0
008 030329s1969 ru ||||gr|||||||||0|rus|d
040 _aAM-YeHGA
041 0 _arus
100 1 _aКалабухов, Н.И.
245 1 0 _aПериодические (сезонные и годичные) изменения в организме грызунов их причины и последствия /
_cН.И. Калабухов.
260 _aЛенинград :
_bНаука. Ленингр. отд-ние,
_c1969.
300 _a249 с.
650 1 4 _aГрызуны
942 _2udc
_cBK
090 _c49924
999 _c49157
_d49157